Ideologický tlak Západu sa nemusí vyplatiť

Podrobná bibliografia
Hlavný autor: Sťahel, Richard, 1974- (Autor)
Médium: Článok
Jazyk:slovenčina
Predmet:

MARC

LEADER 00000nab a2200000 a 4500
001 vtls000780194
003 SK-MaSNL
005 20260303214825.0
008 180206c2001 xo 0 slo
015 |a SNBRB2002/01-01971 
035 |a CLN000131949 
040 |a SNKBUCL  |b slo  |c SNKBUCL  |e AACR2 
041 0 |a slo 
044 |a xo  |c SK 
080 |a 504.06  |2 UDC-MRF-SK2 
080 |a 301.152/.153:17.022.1  |2 UDC-MRF-SK2 
080 |a 17.022.1  |2 UDC-MRF-SK2 
100 1 |a Sťahel, Richard,  |d 1974-  |4 aut  |9 170640 
245 1 0 |a Ideologický tlak Západu sa nemusí vyplatiť  |c Richard Sťahel 
650 0 7 |a trvalo udržateľný rozvoj  |2 snkbucl  |9 3353 
655 7 |a články z novín a časopisov  |2 snkbucl  |9 267496 
773 0 |x 1335-2342  |t Dilema  |g Č. 12 (2001), s. 22-29 
850 |a Slovenská národná knižnica v Martine 
852 |a SNK  |b KIS3GCP 
958 |a RBX 
999 |c 2218921  |d 2220851